000 00739nam a2200253Ia 4500
008 191130s1997##################000#0#eng##
020 _a9781574440324
022 _a97105885
040 _aACL
_cACL
082 _a338.6048 TYS
100 _aTyson, Kirk W. M
245 _aCompetition in the 21st century
_cKirk W.M. Tyson
260 _aDelray Beach, FL
_bSt. Lucie Press
_cc1997
300 _axvi, 279 p. : ill. ; 24 cm
500 _aIncludes index
650 _aBusiness forecasting
650 _aCompetition, International
650 _aEconomic history - 1990-
650 _aEconomics
650 _aTwenty-first century - Forecasts
990 _a85313447ac10000c109e622cf09ee0a0
991 _a196647
999 _c134747
_d134747